Wszyscy zwycięzcy Tańca z gwiazdami w Polsce - Statystyki

Ogólne statystyki
  • Ten quiz został rozwiązany 83 razy
  • Średni wynik to 8 z 29
Answers on the Grid
Answers color-coded by a green-red scale on the quiz's grid according to % correct below.
Adrianna Borek i Albert Kosiński
Agata Kulesza i Stefano Terrazzino
Agnieszka Sienkiewicz i Stefano Terrazzino
Aleksandra Kwaśniewska i Rafał Maserak
Andrzej Nejman i Magdalena Soszyńska
Aneta Zając i Stefano Terrazzino
Anita Sokołowska i Jacek Jeschke
Anna Guzik i Łukasz Czarnecki
Anna Karczmarczyk i Jacek Jeschke
Anna Mucha i Rafał Maserak
Anna Wyszkoni i Jan Kliment
Barbara Kurdej-Szatan i Jacek Jeschke
Bartłomiej Kasprzykowski i Blanka Winiarska
Beata Tadla i Jan Kliment
Bilguun Ariunbaatar i Janja Lesar
Cleo i Jan Kliment
Damian Kordas i Janja Lesar
Dawid Kwiatkowski i Janja Lesar
Dorota Gardias i Andrej Mosejcuk
Edyta Górniak i Jan Kliment
Edyta Zając i Michał Bartkiewicz
Elżbieta Romanowska i Rafał Maserak
Ewelina Lisowska i Tomasz Barański
Filip Gurłacz i Agnieszka Kaczorowska
Ilona Krawczyńska i Robert Rowiński
Iwan Komarenko i Blanka Winiarska
Iwona Cichosz i Stefano Terrazzino
Jacek Jelonek i Michał Danilczuk
Jakub Wesołowski i Edyta Herbuś
Jay Delano i Kamila Kajak
Joanna Koroniewska i Robert Kochanek
Joanna Mazur i Jan Kliment
Joanna Moro i Rafał Maserak
Julia Kamińska i Rafał Maserak
Julia Pogrebińska i Rafał Maserak
Julia Wieniawa i Stefano Terrazzino
Julia Wróblewska i Jan Kliment
Julia Żugaj i Wojciech Kucina
Julia „Maffashion” Kuczyńska i Michał Danilczuk
Justyna Steczkowska i Stefano Terrazzino
Kacper Kuszewski i Anna Głogowska
Katarzyna Cichopek i Marcin Hakiel
Katarzyna Dziurska i Tomasz Barański
Katarzyna Glinka i Stefano Terrazzino
Katarzyna Grochola i Jan Kliment
Katarzyna Tusk i Stefano Terrazzino
Kinga Rusin i Stefano Terrazzino
Krzysztof Tyniec i Kamila Kajak
Krzysztof Wieszczek i Agnieszka Kaczorowska
Łukasz Kadziewicz i Agnieszka Kaczorowska
Maciej Zakościelny i Sara Janicka
Magdalena Walach i Cezary Olszewski
Magdalena „Kajra” Kajrowicz-Zapała i Rafał Maserak
Małgorzata Foremniak i Rafał Maserak
Marcelina Zawadzka i Rafał Maserak
Marcin Korcz i Wiktoria Omyła
Marcin Mroczek i Edyta Herbuś
Maria Jeleniewska i Jacek Jeschke
Mariusz Pudzianowski i Magdalena Soszyńska
Marta Żmuda Trzebiatowska i Adam Król
Mateusz Damięcki i Ewa Szabatin
Michał Kwiatkowski i Janja Lesar
Misheel Jargalsaikhan i Jan Kliment
Monika Pyrek i Robert Rowiński
Natalia Lesz i Łukasz Czarnecki
Natalia Szroeder i Jan Kliment
Natasza Urbańska i Jan Kliment
Olga Kalicka i Rafał Maserak
Olivier Janiak i Kamila Kajak
Oliwia Bieniuk i Michał Bartkiewicz
Paweł Staliński i Izabela Janachowska
Peter J. Lucas i Dominika Kublik
Piotr Mróz i Hanna Żudziewicz
Popek i Janja Lesar
Rafał Mroczek i Aneta Piotrowska
Robert Wabich i Hanna Żudziewicz
Roksana Węgiel i Michał Kassin
Sandra Kubicka i Adam Adamonis
Sylwester Wilk i Hanna Żudziewicz
Tamara Arciuch i Łukasz Czarnecki
Tamara Gonzalez Perea i Rafał Maserak
Tatiana Okupnik i Tomasz Barański
Tomasz Działowy i Natalia Głębocka
Vanessa Aleksander i Michał Bartkiewicz
Weronika Marczuk i Jan Kliment
Wiesław Nowobilski i Janja Lesar
Witold Paszt i Anna Głogowska
 
Statystyki odpowiedzi
Odpowiedź % Poprawnych
Agata Kulesza i Stefano Terrazzino
68%
Anita Sokołowska i Jacek Jeschke
66%
Aneta Zając i Stefano Terrazzino
53%
Anna Mucha i Rafał Maserak
47%
Anna Karczmarczyk i Jacek Jeschke
42%
Damian Kordas i Janja Lesar
37%
Agnieszka Sienkiewicz i Stefano Terrazzino
34%
Edyta Zając i Michał Bartkiewicz
32%
Ewelina Lisowska i Tomasz Barański
32%
Joanna Mazur i Jan Kliment
32%
Katarzyna Cichopek i Marcin Hakiel
32%
Vanessa Aleksander i Michał Bartkiewicz
32%
Beata Tadla i Jan Kliment
29%
Anna Guzik i Łukasz Czarnecki
26%
Ilona Krawczyńska i Robert Rowiński
24%
Maria Jeleniewska i Jacek Jeschke
24%
Krzysztof Tyniec i Kamila Kajak
21%
Piotr Mróz i Hanna Żudziewicz
21%
Dorota Gardias i Andrej Mosejcuk
18%
Olivier Janiak i Kamila Kajak
18%
Rafał Mroczek i Aneta Piotrowska
18%
Robert Wabich i Hanna Żudziewicz
18%
Julia Kamińska i Rafał Maserak
13%
Kacper Kuszewski i Anna Głogowska
13%
Kinga Rusin i Stefano Terrazzino
13%
Magdalena Walach i Cezary Olszewski
13%
Natalia Szroeder i Jan Kliment
13%
Krzysztof Wieszczek i Agnieszka Kaczorowska
11%
Monika Pyrek i Robert Rowiński
8%
Nie znaleziono quizów pasujących do podanych kryteriów
Rozkład punktacji
Procent ludzi z każdym wynikiem
Percentyl według liczby udzielonych odpowiedzi
Twoja historia wyników
Nie rozwiązałeś tego quizu